| 000 | 01808nac a22003131u 4500 | ||
|---|---|---|---|
| 010 | _a 2007013271 | ||
| 020 | _a9780521874885 (hardback : alk. paper) | ||
| 020 | _a0521874882 (hardback : alk. paper) | ||
| 020 | _a9780521697606 (pbk. : alk. paper) | ||
| 020 | _a0521697603 (pbk. : alk. paper) | ||
| 082 | 0 | 0 |
_a327.112 _bLIT |
| 090 |
_c8311 _d8311 |
||
| 100 | _aLittle, Richard, | ||
| 245 | 1 | 4 |
_aThe balance of power in international relations : metaphors, myths, and models / _bmetaphors, myths, and models / _cRichard Little. |
| 260 |
_aNew York : _bCambridge University Press,2007. _cc2007. |
||
| 300 |
_ax, 317 p. : _bill. ; _c24 cm. |
||
| 500 | _aDistributer :Al- Ahram | ||
| 504 | _aIncludes bibliographical references (p. 288-311) and index. | ||
| 505 | 0 | _aReassessing the balance of power -- Metaphors and the balance of power -- The balance of power : from metaphors to myths and models -- Hans J. Morgenthau's Politics among nations -- Hedley Bull's The anarchical society -- Kenneth N. Waltz's Theory of international politics -- John J. Mearsheimer's The tragedy of great power politics -- A composite view of the balance of power for the twenty first century. | |
| 511 | _aCatalogued by: Sara | ||
| 650 | 0 | _aBalance of power. | |
| 650 | 0 | _aInternational relations. | |
| 650 | 0 | _aWorld politics. | |
| 856 | 4 | 1 |
_3Table of contents only _uhttp://www.loc.gov/catdir/toc/ecip0714/2007013271.html |
| 856 | 4 | 1 |
_3Publisher description _uhttp://www.loc.gov/catdir/enhancements/fy0729/2007013271-d.html |
| 856 | 4 | 1 |
_3Contributor biographical information _uhttp://www.loc.gov/catdir/enhancements/fy0729/2007013271-b.html |
| 942 |
_cBB _k327.112LIT |
||
| 999 |
_c8311 _d8311 |
||